[Event "Portugal Open 2017"]
[Site "masterchessopen.com Lisbon POR"]
[Date "2017.02.05"]
[Round "3.16"]
[White "Campora,D"]
[Black "Guimaraes,R"]
[Result "1-0"]
[WhiteElo "2450"]
[BlackElo "2126"]

1. e4 c5 2. Nf3 d6 3. Be2 Nf6 4. c3 Bd7 5. e5 dxe5 6. Nxe5 e6 7. O-O Bd6 8. d4
Nc6 9. Nc4 Bb8 10. dxc5 O-O 11. Nbd2 Qc7 12. g3 Nd5 13. Nd6 Ne5 14. c4 Ne7 15.
b4 a5 16. Bb2 N7g6 17. a3 f5 18. Nf3 Nc6 19. b5 Nce7 20. Qd4 Rf6 21. Rad1 Nf8
22. Ne5 Neg6 23. f4 Nxe5 24. fxe5 Rg6 25. Bh5 Rg5 26. Bf3 Bc8 27. b6 Qd7 28.
c6 bxc6 29. Nxc8 Qxc8 30. Qd8 Qb7 31. Qxg5 {#r} 1-0

[Event "ITT Rosario 1 2017"]
[Site "masterchessopen.com Rosario ARG"]
[Date "2017.02.01"]
[Round "6.2"]
[White "Di Giannantonio,N"]
[Black "Ocantos,M"]
[Result "1-0"]
[WhiteElo "2341"]
[BlackElo "2223"]

1. e4 c5 2. Nf3 d6 3. c3 Nf6 4. Bd3 g6 5. Bc2 Bg7 6. O-O O-O 7. d3 Nc6 8. Nbd2
Rb8 9. d4 b5 10. d5 Na5 11. Rb1 e6 12. b4 cxb4 13. cxb4 Nc4 14. dxe6 Bxe6 15.
Re1 Qc7 16. Nxc4 bxc4 17. Bf4 Rfd8 18. Nd4 Bg4 19. Qd2 Re8 20. h3 Bd7 21. Nf3
Qc6 22. a4 c3 23. Qd3 Be6 24. a5 Rb7 25. Bxd6 Qc8 26. Nd4 Rd8 27. e5 Bc4 28.
Qxc3 Nd5 29. Qd2 Qd7 30. Bc5 Nc7 31. Qc3 Bd5 32. Rbd1 Ne6 33. Nxe6 fxe6 34.
Bb3 Rc7 35. Qg3 Qc6 36. Bd6 Bxb3 37. Qxb3 Rcd7 38. Qxe6+ Kh8 39. Rc1 Qa6 40.
Qc4 Rxd6 41. b5 Qxa5 42. exd6 Rf8 43. d7 Qd2 44. Rcd1 Qxf2+ 45. Kh1 Qh4 46.
Qxh4 {#r} 1-0

[Event "Gibraltar Masters 2017"]
[Site "masterchessopen.com Caleta ENG"]
[Date "2017.02.02"]
[Round "10.13"]
[White "Muzychuk,M"]
[Black "Vitiugov,N"]
[Result "0-1"]
[WhiteElo "2546"]
[BlackElo "2724"]

1. e4 c5 2. Nf3 d6 3. Bb5+ Nd7 4. O-O a6 5. Bxd7+ Bxd7 6. d4 cxd4 7. Qxd4 e5
8. Qd3 Qc7 9. Nc3 Be6 10. b3 Rc8 11. Bb2 Be7 12. Rfd1 Nf6 13. Nd2 b5 14. a3
O-O 15. Nf1 Qb7 16. Ne3 Rc5 17. Rac1 Rfc8 18. Ncd5 Nxd5 19. exd5 Bd7 20. c3
Bg5 21. Rc2 Bxe3 22. fxe3 a5 23. e4 a4 24. bxa4 bxa4 25. c4 Qb3 26. Kf2 Rxc4
27. Rxc4 Rxc4 28. Qxb3 axb3 29. Ke3 f5 30. exf5 Bxf5 31. Rd2 Kf7 32. Kf3 Ke7
33. h3 h5 34. Re2 Bd3 35. Rd2 Be4+ 36. Ke3 h4 37. Ba1 Rc2 {#R} 0-1

[Event "ITT Rosario 1 2017"]
[Site "masterchessopen.com Rosario ARG"]
[Date "2017.01.31"]
[Round "4.2"]
[White "Lorenzini,M"]
[Black "Ocantos,M"]
[Result "1-0"]
[WhiteElo "2463"]
[BlackElo "2223"]

1. e4 c5 2. Nf3 d6 3. Bb5+ Nd7 4. c3 Ngf6 5. Qe2 e5 6. d4 Qc7 7. O-O Be7 8.
Re1 O-O 9. Nbd2 a6 10. Bd3 Re8 11. d5 Nh5 12. g3 g6 13. a4 Nf8 14. Kg2 Qd7 15.
Ng1 Qc7 16. Nc4 Bd8 17. a5 f6 18. b4 cxb4 19. cxb4 Qe7 20. Ba3 Bc7 21. Rac1
Nd7 22. Rc2 f5 23. Rec1 fxe4 24. Bxe4 Ndf6 25. Nd2 Bg4 26. f3 {#r} 1-0

[Event "ITT Rosario 1 2017"]
[Site "masterchessopen.com Rosario ARG"]
[Date "2017.02.02"]
[Round "8.1"]
[White "Saldano Dayer,H"]
[Black "Ocantos,M"]
[Result "1-0"]
[WhiteElo "2428"]
[BlackElo "2223"]

1. e4 c5 2. Nf3 d6 3. Bb5+ Nd7 4. d4 Ngf6 5. O-O cxd4 6. Qxd4 e5 7. Qd3 h6 8.
c4 Be7 9. Nc3 O-O 10. Bxd7 Bxd7 11. b3 Bc6 12. a4 Qc7 13. Rd1 Rfd8 14. Ba3
Rac8 15. Nd2 Bd7 16. Nf1 Be6 17. Ne3 Bf8 18. Ned5 Nxd5 19. Nxd5 Qc6 20. Rd2 b6
21. Rad1 a6 22. Qe2 Rd7 23. Rd3 Rb8 24. Nc3 Kh7 25. Qe3 Rbd8 26. Qe2 Rb8 27.
Rg3 Kh8 28. Bc1 Qc8 29. Qh5 Qd8 30. Bg5 Qe8 31. Be3 Rdb7 32. Nd5 Qc8 33. Nf6
g6 34. Bxh6 Bg7 35. Qh4 {#r} 1-0

[Event "Turkish Cup 2017"]
[Site "masterchessopen.com Antalya TUR"]
[Date "2017.02.02"]
[Round "9.25"]
[White "Cansun,Can Alp"]
[Black "Ozalp,B"]
[Result "0-1"]
[WhiteElo "2044"]
[BlackElo "2123"]

1. e4 c5 2. Nf3 d6 3. Bb5+ Nc6 4. O-O Bd7 5. d4 cxd4 6. Nxd4 g6 7. c4 Bg7 8.
Be3 Nf6 9. Nc3 O-O 10. Rc1 Ng4 11. Qa4 Nxe3 12. fxe3 Ne5 13. Nd5 e6 14. Nf4 a6
15. Bxd7 Nxd7 16. Nfe2 Nc5 17. Qc2 Qg5 18. Rf3 Rac8 19. Nc3 Nd7 20. b3 h5 21.
Rd1 b5 22. e5 Qxe5 23. cxb5 Qc5 24. Rc1 axb5 25. Ncxb5 Ne5 26. Rff1 Bh6 27.
Qd2 Qb6 28. h3 Nd7 29. Nc3 Qa5 30. Ndb5 d5 31. Rc2 Qb6 32. Re1 Bg7 33. Kh1 Ra8
34. Nd4 Nc5 35. Rec1 Rfd8 36. Ncb5 Ne4 37. Qb4 Qb8 38. Nc6 Qg3 39. Nxd8 Be5
40. Kg1 Qxe3+ 41. Kh1 Ng3+ 42. Kh2 Ne2+ 43. Kh1 Qg3 {#R} 0-1

[Event "PRO League Pacific 2017"]
[Site "masterchessopen.com chess.com INT"]
[Date "2017.02.01"]
[Round "4"]
[White "Erenburg,S"]
[Black "Hernandez,Alb1"]
[Result "1-0"]
[WhiteElo "2570"]
[BlackElo "2211"]

1. e4 c5 2. Nf3 d6 3. Bb5+ Nd7 4. c3 a6 5. Ba4 b5 6. Bc2 e5 7. d4 Ngf6 8. O-O
Be7 9. a4 Rb8 10. Re1 O-O 11. Nbd2 Re8 12. Nf1 Qc7 13. Ng3 Nf8 14. h3 b4 15.
Be3 a5 16. Qe2 Bd7 17. dxe5 dxe5 18. Bd3 bxc3 19. bxc3 Rb6 20. Bc4 Be6 21. Ng5
Reb8 22. Nxe6 Nxe6 23. Ra2 h6 24. Rd2 Ng5 25. Bxg5 hxg5 26. Nf5 Bf8 27. Qe3
Rb1 28. Red1 Nh7 29. Qd3 Rxd1+ 30. Rxd1 Nf6 31. Ne3 Qc6 32. Nd5 Qxa4 33. Nxf6+
gxf6 34. Qd5 Qe8 35. Ra1 Rd8 36. Qb7 Qd7 37. Qb6 Kg7 38. Qxa5 Qd2 39. Bd5 Rd7
40. Qb5 Rc7 41. Qb6 Rd7 42. Qc6 Re7 43. Qxc5 Rb7 44. Qc4 {#r} 1-0

[Event "22nd HIT Open 2017"]
[Site "masterchessopen.com Nova Gorica SLO"]
[Date "2017.01.29"]
[Round "5.17"]
[White "Zamar Kodelja,Jurij"]
[Black "Debevec,B"]
[Result "1-0"]
[WhiteElo "2214"]
[BlackElo "2180"]

1. Nf3 d6 2. e4 c5 3. d4 cxd4 4. Qxd4 Nc6 5. Bb5 Qa5+ 6. Nc3 Qxb5 7. Nxb5 Nxd4
8. Nfxd4 e5 9. Ne2 Kd8 10. Bg5+ f6 11. Be3 a6 12. Bb6+ Kd7 13. Nc7 Rb8 14. a4
Be7 15. O-O-O Bd8 16. Nd5 Ne7 17. Nec3 Bxb6 18. Nxb6+ Kc6 19. Nxc8 Rbxc8 20.
Nd5 Nxd5 21. Rxd5 Kd7 22. b3 Rc6 23. Rhd1 Ke7 24. g3 Rd8 25. f4 Rc5 26. fxe5
fxe5 27. Rxc5 dxc5 28. Rd5 Rxd5 29. exd5 Kd6 30. c4 a5 31. g4 h5 32. gxh5 Ke7
33. Kd2 Kf6 34. Ke3 Kf5 35. Kf3 e4+ 36. Ke3 Ke5 37. h3 Kf5 38. d6 Ke6 39. Kxe4
Kxd6 40. Kf5 b6 41. Kg6 Ke5 42. Kxg7 Kd4 43. h6 Kc3 44. h7 Kxb3 45. h8=Q Kxa4
46. Qb8 Kb4 47. Qxb6+ Kxc4 48. Qxa5 Kd3 49. h4 {#r} 1-0

[Event "TCh-HUN 2016-17"]
[Site "masterchessopen.com Hungary HUN"]
[Date "2017.01.29"]
[Round "5.8"]
[White "Csonka,A1"]
[Black "Nguyen Huynh Minh Huy"]
[Result "1-0"]
[WhiteElo "2316"]
[BlackElo "2449"]

1. e4 c5 2. Nf3 d6 3. d4 cxd4 4. Qxd4 a6 5. c4 Nc6 6. Qe3 g6 7. Be2 Bg7 8. O-O
Nf6 9. h3 O-O 10. Nc3 e6 11. Rd1 Qc7 12. Qf4 Ne5 13. Nxe5 dxe5 14. Qh4 Re8 15.
Bg5 Nd7 16. Rd2 f6 17. Be3 Nb8 18. Na4 Nc6 19. Bb6 Qf7 20. Rad1 f5 21. Bc5 Bf8
22. Bxf8 Kxf8 23. Nb6 Rb8 24. c5 f4 25. Rd6 Nd4 26. R1xd4 exd4 27. e5 Kg7 28.
Bd3 Rf8 29. b4 Qc7 30. Qg5 Rf7 31. h4 Bd7 32. Nxd7 Rxd7 33. Qf6+ Kh6 34. Qxf4+
Kg7 35. Qf6+ Kh6 36. Rxe6 Rf7 37. Qg5+ Kg7 38. h5 Rbf8 39. hxg6 h6 40. Qh4
{#r} 1-0

[Event "Portugal Open 2017"]
[Site "masterchessopen.com Lisbon POR"]
[Date "2017.02.05"]
[Round "4.11"]
[White "Palac,M"]
[Black "Stahl,C"]
[Result "1-0"]
[WhiteElo "2600"]
[BlackElo "2167"]

1. e4 c5 2. Nf3 d6 3. d4 cxd4 4. Nxd4 Nf6 5. f3 Nc6 6. c4 g6 7. Be3 Bg7 8. Nc3
O-O 9. Be2 Nxd4 10. Bxd4 Be6 11. O-O Qa5 12. Re1 Rfc8 13. Nd5 Bxd5 14. exd5
Nd7 15. Bxg7 Kxg7 16. Kh1 Rc7 17. Bf1 Nf6 18. Re3 Qc5 19. Qd2 a5 20. Rb3 Qa7
21. Re1 Re8 22. Ra3 b6 23. Rb3 Rc5 24. a4 Kg8 25. Rbe3 Qd7 26. b3 Kf8 27. g3
Qf5 28. h4 h5 29. Qh2 Qd7 30. Bh3 Qd8 31. Qe2 Rc7 32. f4 Nd7 33. f5 Ne5 34.
fxg6 fxg6 35. Rxe5 dxe5 36. Rf1+ {#r} 1-0

[Event "TCh-HUN 2016-17"]
[Site "masterchessopen.com Hungary HUN"]
[Date "2017.01.29"]
[Round "5.12"]
[White "Czupor,Attila"]
[Black "Gorcsi,Gabor"]
[Result "1-0"]
[WhiteElo "2234"]
[BlackElo "2187"]

1. e4 c5 2. Nf3 d6 3. d4 cxd4 4. Nxd4 Nf6 5. f3 e5 6. Nb3 Nc6 7. c4 Nxe4 8.
fxe4 Qh4+ 9. Kd2 Qxe4 10. Qf3 Qg6 11. Bd3 f5 12. Nc3 e4 13. Nxe4 Ne5 14. Qe2
fxe4 15. Bxe4 Bf5 16. Bxf5 Qxf5 17. Nd4 Qf7 18. b3 O-O-O 19. Bb2 Be7 20. Rae1
Bg5+ 21. Kc2 Rhf8 22. Qe4 g6 23. Re2 Qd7 24. Rd1 Rf4 25. Qd5 Qf5+ 26. Nxf5
{#r} 1-0

[Event "37th TCh-IND 2017"]
[Site "masterchessopen.com Bhopal IND"]
[Date "2017.02.04"]
[Round "4.1"]
[White "Shyam,SM"]
[Black "Narayanan,Sri"]
[Result "0-1"]
[WhiteElo "2554"]
[BlackElo "2474"]

1. e4 c5 2. Nf3 d6 3. d4 cxd4 4. Nxd4 Nf6 5. Nc3 Nc6 6. f3 e5 7. Nb3 Be7 8.
Be3 Be6 9. Nd5 Bxd5 10. exd5 Nb4 11. c4 a5 12. Qd2 b6 13. Be2 O-O 14. O-O Nh5
15. g3 f5 16. f4 Nf6 17. Bf3 Rc8 18. a3 Na6 19. Rad1 Nd7 20. Nc1 a4 21. Na2
Bf6 22. Rc1 Ndc5 23. Bd1 exf4 24. Rxf4 Re8 25. Rxf5 Bxb2 26. Rb1 Bf6 27. Bc2
Nb3 28. Bxb3 axb3 29. Rxb3 Rxc4 30. Bxb6 Qc8 31. Rf2 Nc5 32. Bxc5 Qxc5 33. Nb4
Bd4 34. Kg2 Bxf2 35. Qxf2 Qb5 36. Re3 Rce4 37. Rxe4 Rxe4 38. Qf5 Re2+ 39. Kh3
g6 40. Qg5 Re8 41. Qg4 Qf1+ 42. Kh4 Qg2 43. Nd3 Qxh2+ 44. Kg5 Qd2+ 45. Nf4
Re5+ 46. Kf6 Qd4 47. Qd7 Rf5+ 48. Ke7 Rf7+ 49. Kxd6 Rxd7+ 50. Kxd7 g5 {#R} 0-1

[Event "Turkish Cup 2017"]
[Site "masterchessopen.com Antalya TUR"]
[Date "2017.01.31"]
[Round "6.14"]
[White "Ozalp,B"]
[Black "Dogdu,M"]
[Result "1-0"]
[WhiteElo "2123"]
[BlackElo "2005"]

1. e4 c5 2. Nf3 d6 3. d4 cxd4 4. Nxd4 Nf6 5. Nc3 Nc6 6. Bg5 Bd7 7. Qd2 Rc8 8.
O-O-O Nxd4 9. Qxd4 Qa5 10. Bd2 e5 11. Qd3 a6 12. Kb1 Qc7 13. f3 Be6 14. Bg5 b5
15. Qd2 b4 16. Nd5 Bxd5 17. exd5 Be7 18. h4 O-O 19. Bd3 Nxd5 20. Bxh7+ Kxh7
21. Qxd5 Qxc2+ 22. Ka1 Rc5 23. Qb7 Bxg5 24. hxg5+ Kg8 25. g6 fxg6 26. Qe7 Qf5
27. Rxd6 Rfc8 28. Rd8+ Rxd8 29. Qxd8+ Kf7 30. Rd1 g5 31. Rd7+ {#r} 1-0

[Event "Gibraltar Masters 2017"]
[Site "masterchessopen.com Caleta ENG"]
[Date "2017.02.01"]
[Round "9.55"]
[White "Mannion,Stephen R"]
[Black "Gupta,Ab"]
[Result "0-1"]
[WhiteElo "2326"]
[BlackElo "2645"]

1. e4 c5 2. Nf3 d6 3. d4 cxd4 4. Nxd4 Nf6 5. Nc3 Nc6 6. Bg5 e6 7. Qd2 a6 8.
O-O-O Bd7 9. f4 b5 10. Bxf6 gxf6 11. Kb1 Qb6 12. Nxc6 Bxc6 13. f5 b4 14. Ne2
e5 15. Ng3 Qc5 16. Nh5 Ke7 17. Bd3 Rg8 18. Rhg1 Rg5 19. g4 Bh6 20. Qe2 Rgg8
21. h4 Be3 22. Rg3 Bf2 23. Rh3 a5 24. Rf1 Bd4 25. Qd2 d5 26. exd5 Bxd5 27. g5
a4 28. Nxf6 Bxa2+ 29. Kxa2 Rgb8 30. Ne4 Qd5+ 31. Kb1 a3 32. c4 bxc3 33. Nxc3
Qa5 34. Bc2 Rxb2+ 35. Kc1 a2 36. Kxb2 a1=Q+ 37. Rxa1 Qxa1+ 38. Kb3 Rb8+ 39.
Kc4 Qa6+ 40. Kd5 Rd8+ 41. Ke4 Qc6+ {#R} 0-1

[Event "Turkish Cup 2017"]
[Site "masterchessopen.com Antalya TUR"]
[Date "2017.02.03"]
[Round "10.5"]
[White "Yilmaz,Goktan"]
[Black "Kanmazalp,O"]
[Result "0-1"]
[WhiteElo "2165"]
[BlackElo "2431"]

1. e4 c5 2. Nf3 Nc6 3. d4 cxd4 4. Nxd4 Nf6 5. Nc3 d6 6. Bg5 e6 7. Qd2 a6 8.
O-O-O Bd7 9. f4 b5 10. Bxf6 gxf6 11. Kb1 Qb6 12. Nxc6 Bxc6 13. f5 h5 14. fxe6
fxe6 15. Qf4 Qc5 16. Bd3 Qe5 17. Qf2 Bg7 18. Nd5 f5 19. c3 exd5 20. exd5 Bxd5
21. Qxf5 Rf8 22. Qh3 Be6 23. Qh4 Rf4 24. g4 Rb4 25. Qe1 Rxg4 26. Qf2 Qc5 27.
Qf3 O-O-O 28. Rhe1 Be5 29. Bf1 Rf4 30. Qa8+ Kc7 31. Qxa6 Bf5+ 32. Ka1 Ra4 33.
Qxb5 Rxa2+ 34. Kxa2 Ra8+ 35. Kb3 Ra3+ 36. bxa3 Qxc3+ 37. Ka2 Qc2+ {#R} 0-1

[Event "Portugal Open 2017"]
[Site "masterchessopen.com Lisbon POR"]
[Date "2017.02.05"]
[Round "4.10"]
[White "Vasques,A"]
[Black "Rey Malde,H"]
[Result "0-1"]
[WhiteElo "2333"]
[BlackElo "2126"]

1. e4 c5 2. Nf3 d6 3. d4 cxd4 4. Nxd4 Nf6 5. Nc3 g6 6. Be2 Bg7 7. O-O O-O 8.
Re1 Nc6 9. Nb3 Bd7 10. Bf1 Rc8 11. Nd5 Nxd5 12. exd5 Ne5 13. a4 f5 14. f4 Ng4
15. a5 Re8 16. h3 Nf6 17. Be3 Qc7 18. c4 Ra8 19. Nd4 b6 20. axb6 axb6 21. Bd3
Qb7 22. Rxa8 Qxa8 23. Bf2 Kf8 24. Qb3 Qa5 25. Nc2 Ba4 26. Qa3 Bxc2 27. Bxc2
Qd2 28. Qd3 Qxf4 29. Bxb6 Ne4 30. Rf1 Qg3 31. Qxe4 Be5 32. Rf3 Qh2+ 33. Kf2
Bg3+ 34. Ke3 Qg1+ 35. Ke2 Qe1+ {#R} 0-1

[Event "22nd HIT Open 2017"]
[Site "masterchessopen.com Nova Gorica SLO"]
[Date "2017.01.31"]
[Round "7.16"]
[White "Mestek,I"]
[Black "Debevec,B"]
[Result "0-1"]
[WhiteElo "2139"]
[BlackElo "2180"]

1. e4 c5 2. Nf3 g6 3. d4 cxd4 4. Nxd4 Bg7 5. Nc3 Nc6 6. Be3 Nf6 7. Bc4 O-O 8.
Bb3 d6 9. h3 Bd7 10. O-O a6 11. Re1 Rc8 12. Nd5 Na5 13. Qd3 b5 14. c3 Nc4 15.
Bxc4 bxc4 16. Nxf6+ Bxf6 17. Qd2 Re8 18. b4 Ba4 19. Nf3 Qd7 20. Bd4 e5 21. Be3
Qc6 22. Bg5 Bh8 23. Re3 Rc7 24. Rae1 Rd7 25. Qe2 f6 26. Bh6 d5 27. exd5 Qxd5
28. Re4 Qd3 29. Qb2 f5 30. Nxe5 Qd5 31. Nxd7 Rxe4 32. Rxe4 fxe4 33. Nc5 Qd1+
34. Kh2 Be5+ 35. g3 e3 36. fxe3 Bc2 37. Bf4 Qd2+ 38. Kh1 Bxf4 {#R} 0-1

[Event "TCh-CAT Gp1 2017"]
[Site "masterchessopen.com Barcelona ESP"]
[Date "2017.01.28"]
[Round "2.5"]
[White "Molina Carretero,Daniel"]
[Black "Delisau Gil,O"]
[Result "1-0"]
[WhiteElo "2100"]
[BlackElo "2164"]

1. e4 c5 2. Nf3 d6 3. d4 cxd4 4. Nxd4 Nf6 5. Nc3 g6 6. f3 Bg7 7. Be3 O-O 8.
Qd2 Nc6 9. Bc4 Bd7 10. O-O-O Rc8 11. Bb3 Ne5 12. Kb1 Nc4 13. Bxc4 Rxc4 14. g4
b5 15. h4 b4 16. Nce2 Qc7 17. h5 Rc8 18. hxg6 fxg6 19. Nf4 e5 20. Nfe6 Qa5 21.
Nb3 Qa6 22. Nxg7 Rxc2 23. Qxd6 Qe2 24. Bc1 Qxf3 25. g5 Qxe4 26. Ka1 R2c6 27.
Qe7 Nd5 28. Qxd7 Ne3 29. Bxe3 Qxe3 30. Ne6 {#r} 1-0

[Event "Gibraltar Masters 2017"]
[Site "masterchessopen.com Caleta ENG"]
[Date "2017.02.01"]
[Round "9.31"]
[White "Schroeder,Ja"]
[Black "Pustovoitova,D"]
[Result "1-0"]
[WhiteElo "2550"]
[BlackElo "2407"]

1. e4 c5 2. Nf3 e6 3. d4 cxd4 4. Nxd4 Nc6 5. Nc3 d6 6. Be3 Nf6 7. f4 Be7 8.
Qf3 a6 9. O-O-O Qc7 10. Bd3 Nd7 11. g4 b5 12. Rhe1 O-O 13. Nxc6 Qxc6 14. Qh3
g6 15. Bd4 Nc5 16. Qh6 f6 17. f5 Nxd3+ 18. Rxd3 Qe8 19. g5 e5 20. Nd5 exd4 21.
Rh3 Rf7 22. fxg6 Bxh3 23. gxf7+ Qxf7 24. Nxe7+ Qxe7 25. gxf6 Qd7 26. Rg1+ Bg4
27. h3 Kh8 28. Rxg4 Rg8 29. Rxg8+ Kxg8 30. Kd2 Qf7 31. a3 Qc7 32. Qg5+ Kf8 33.
h4 {#r} 1-0

[Event "37th TCh-IND 2017"]
[Site "masterchessopen.com Bhopal IND"]
[Date "2017.02.04"]
[Round "4.3"]
[White "Jayakumaar,S"]
[Black "Nitin,S"]
[Result "0-1"]
[WhiteElo "2237"]
[BlackElo "2428"]

1. e4 c5 2. Nf3 e6 3. d4 cxd4 4. Nxd4 Nf6 5. Nc3 d6 6. Be2 Be7 7. O-O O-O 8.
f4 Nc6 9. Be3 Bd7 10. Kh1 a6 11. a4 Rc8 12. Bg1 Nxd4 13. Qxd4 Bc6 14. Bd3 Qc7
15. Rae1 Ng4 16. e5 Rfd8 17. Qb6 Qxb6 18. Bxb6 Rd7 19. h3 Nh6 20. f5 Nxf5 21.
Rxf5 exf5 22. Bxf5 dxe5 23. Rxe5 Bf6 24. Bxd7 Bxd7 25. Rd5 Bc6 26. Rd3 Re8 27.
Bd4 Re1+ 28. Kh2 Bg5 29. Bf2 Rc1 30. Be3 Rxc2 31. Nd5 Bd8 32. Bf4 Rxb2 33. Be5
Ra2 {#R} 0-1

[Event "22nd HIT Open 2017"]
[Site "masterchessopen.com Nova Gorica SLO"]
[Date "2017.01.31"]
[Round "7.1"]
[White "Ceschia,I"]
[Black "Kozul,Z"]
[Result "0-1"]
[WhiteElo "2257"]
[BlackElo "2616"]

1. e4 c5 2. Nf3 d6 3. d4 cxd4 4. Nxd4 Nf6 5. Nc3 a6 6. Be2 e6 7. Be3 Nbd7 8.
f4 b5 9. Bf3 Bb7 10. e5 Bxf3 11. Qxf3 dxe5 12. Nc6 Qc7 13. fxe5 Rc8 14. exf6
Qxc6 15. fxg7 Bxg7 16. Qxc6 Rxc6 17. Bd2 O-O 18. a3 Nb6 19. O-O-O Rfc8 20. Be1
a5 21. Kb1 b4 22. axb4 axb4 23. Na2 Rxc2 24. Rd8+ Rxd8 25. Kxc2 Nc4 26. Bxb4
Nxb2 27. Bc3 Nc4 28. Re1 Na3+ 29. Kb3 Nb5 30. Bxg7 Kxg7 31. Re3 Rd2 32. Rg3+
Kf8 33. Nc1 f6 34. h4 Nd6 {#R} 0-1

[Event "PRO League Atlantic 2017"]
[Site "masterchessopen.com chess.com INT"]
[Date "2017.02.01"]
[Round "4"]
[White "Fishbein,A"]
[Black "Cheng,Bi"]
[Result "0-1"]
[WhiteElo "2481"]
[BlackElo "2397"]

1. e4 c5 2. Nf3 d6 3. d4 cxd4 4. Nxd4 Nf6 5. Nc3 a6 6. Be2 e6 7. a4 Nc6 8. Be3
Be7 9. O-O O-O 10. f4 Bd7 11. Nb3 b6 12. Bf3 Qc7 13. Qe2 Bc8 14. g4 Nd7 15. g5
Bb7 16. Bg2 Rfe8 17. Rf3 Bf8 18. Rh3 g6 19. Qf2 Bg7 20. Rd1 Nb4 21. f5 exf5
22. exf5 Bxg2 23. Qxg2 Bxc3 24. bxc3 Qxc3 25. fxg6 fxg6 26. Rf1 Qxc2 27. Bd2
a5 28. Qg4 Ne5 29. Qd4 Rf8 30. Qxd6 Rxf1+ 31. Kxf1 Rf8+ 32. Kg2 Qe4+ 33. Kg1
Qg4+ 34. Rg3 Qd1+ 35. Kg2 Qf1# 0-1

[Event "Dutch League 2016-17"]
[Site "masterchessopen.com Netherlands NED"]
[Date "2017.02.04"]
[Round "6.2"]
[White "Dijkhuis,Tycho"]
[Black "Van Wely,L"]
[Result "1-0"]
[WhiteElo "2409"]
[BlackElo "2674"]

1. e4 c5 2. Nf3 e6 3. d4 cxd4 4. Nxd4 Nc6 5. Nc3 d6 6. Be3 Nf6 7. Bc4 Be7 8.
Qe2 a6 9. O-O-O O-O 10. Bb3 Qc7 11. Rhg1 Na5 12. g4 b5 13. g5 Nxb3+ 14. axb3
Nd7 15. f4 b4 16. Nf5 exf5 17. Nd5 Qd8 18. exf5 Re8 19. Bd4 Bf8 20. Qh5 Bb7
21. Nf6+ Nxf6 22. gxf6 Re4 23. Rd3 Qa5 24. fxg7 Rxd4 25. Qxh7+ {#r} 1-0

[Event "Gibraltar Masters 2017"]
[Site "masterchessopen.com Caleta ENG"]
[Date "2017.01.31"]
[Round "8.76"]
[White "Bellahcene,B"]
[Black "Baert,A"]
[Result "1-0"]
[WhiteElo "2493"]
[BlackElo "2210"]

1. e4 c5 2. Nf3 d6 3. d4 cxd4 4. Nxd4 Nf6 5. Nc3 a6 6. Nb3 e6 7. g4 b5 8. g5
b4 9. gxf6 bxc3 10. e5 Bb7 11. Rg1 gxf6 12. bxc3 fxe5 13. Qh5 Nd7 14. Bg5 Qc7
15. Rg3 a5 16. Bh3 Bd5 17. Nd2 Ra6 18. c4 Bxc4 19. Rf3 Nc5 20. Nxc4 Ne4 21.
Rb1 Nxg5 22. Qxg5 d5 23. Qxe5 Qxe5+ 24. Nxe5 f5 25. Rb5 Ke7 26. Rb7+ Kf6 27.
Nd7+ Kg6 28. Bf1 Ra8 29. Rg3+ Kh6 30. Ne5 {#r} 1-0

[Event "Gibraltar Masters 2017"]
[Site "masterchessopen.com Caleta ENG"]
[Date "2017.02.01"]
[Round "9.43"]
[White "Soumya,Sw"]
[Black "Debashis,D"]
[Result "0-1"]
[WhiteElo "2375"]
[BlackElo "2472"]

1. e4 c5 2. Nf3 d6 3. d4 cxd4 4. Nxd4 Nf6 5. Nc3 a6 6. h3 g6 7. g4 Bg7 8. Be3
Nc6 9. Qd2 d5 10. Nxc6 bxc6 11. O-O-O Rb8 12. e5 Nd7 13. f4 Qa5 14. b3 g5 15.
Re1 gxf4 16. Bxf4 Nc5 17. Bg2 Be6 18. Kb2 Qb4 19. Nb1 h5 20. Qxb4 Rxb4 21. Bd2
Rb8 22. g5 h4 23. Nc3 Bf5 24. Rhf1 e6 25. Bf4 Nd7 26. Nd1 Ke7 27. Ne3 Bg6 28.
Ng4 c5 29. Kc1 Rhc8 30. Nf6 c4 31. Nxd5+ exd5 32. e6 fxe6 33. Bxb8 cxb3 34.
axb3 Rxc2+ 35. Kd1 Rxg2 36. Bf4 Bh5+ 37. Kc1 Bb2+ {#R} 0-1

[Event "Gibraltar Masters 2017"]
[Site "masterchessopen.com Caleta ENG"]
[Date "2017.02.01"]
[Round "9.57"]
[White "Gluhovsky,Mark"]
[Black "Bellahcene,B"]
[Result "0-1"]
[WhiteElo "2263"]
[BlackElo "2493"]

1. e4 c5 2. Nf3 d6 3. d4 cxd4 4. Nxd4 Nf6 5. Nc3 a6 6. h3 e6 7. g4 Nfd7 8. Be3
b5 9. a3 Bb7 10. Qd2 Nc6 11. Nxc6 Bxc6 12. f4 Be7 13. g5 Rb8 14. Bg2 a5 15.
O-O h6 16. h4 Qc7 17. Bd4 hxg5 18. fxg5 f6 19. Qf2 Ne5 20. b4 a4 21. Ne2 Bd7
22. Qg3 Kf7 23. Nf4 {#R} 0-1

[Event "Gibraltar Masters 2017"]
[Site "masterchessopen.com Caleta ENG"]
[Date "2017.02.02"]
[Round "10.10"]
[White "Short,N"]
[Black "Steinberg,N"]
[Result "1-0"]
[WhiteElo "2675"]
[BlackElo "2486"]

1. e4 c5 2. Nf3 d6 3. d4 cxd4 4. Nxd4 Nf6 5. Nc3 a6 6. a4 g6 7. Be2 Bg7 8. O-O
O-O 9. Be3 Bd7 10. f4 Nc6 11. Nb3 Be6 12. Bf3 Bc4 13. Rf2 e5 14. f5 gxf5 15.
exf5 d5 16. Nd2 e4 17. Bxe4 d4 18. Nxc4 dxe3 19. Nxe3 Nxe4 20. Nxe4 Re8 21.
Qg4 h5 22. Qg3 h4 23. Qg4 Ne5 24. Qf4 Qd4 25. Rd1 Qxb2 26. Qxh4 {#r} 1-0

[Event "13th Moscow Open B w 2017"]
[Site "masterchessopen.com Moscow RUS"]
[Date "2017.02.04"]
[Round "8.2"]
[White "Babiy,Olga"]
[Black "Bodnaruk,A"]
[Result "0-1"]
[WhiteElo "2315"]
[BlackElo "2463"]

1. e4 c5 2. Nf3 d6 3. d4 cxd4 4. Nxd4 Nf6 5. Nc3 a6 6. Be3 e5 7. Nb3 Be7 8. f3
O-O 9. Qd2 Be6 10. O-O-O a5 11. a4 Nc6 12. g4 Nb4 13. g5 Nd7 14. Kb1 Rc8 15.
Rg1 Nb6 16. Bb5 Nc4 17. Bxc4 Rxc4 18. f4 exf4 19. Bxf4 d5 20. Nxd5 Bxd5 21.
exd5 Qd7 22. d6 Bd8 23. Rg2 Qxa4 24. Qe3 Qa2+ 25. Kc1 a4 26. Nd4 Bb6 27. Qa3
Qxa3 28. bxa3 Na2+ 29. Kb2 Nc3 30. Rd3 Bxd4 31. Kc1 Rd8 32. Rgd2 Bc5 33. Kb2
Rxf4 34. Kxc3 Bxa3 35. Re2 Kf8 {#R} 0-1

[Event "Portugal Open 2017"]
[Site "masterchessopen.com Lisbon POR"]
[Date "2017.02.05"]
[Round "3.13"]
[White "Rego,P"]
[Black "Dastan,B"]
[Result "0-1"]
[WhiteElo "2232"]
[BlackElo "2497"]

1. e4 c5 2. Nf3 d6 3. d4 cxd4 4. Nxd4 Nf6 5. Nc3 a6 6. a3 g6 7. Be3 Bg7 8. f3
O-O 9. Qd2 Nc6 10. O-O-O Bd7 11. g4 b5 12. Nxc6 Bxc6 13. Bh6 Qb6 14. Bxg7 Kxg7
15. h4 b4 16. axb4 Qxb4 17. Qd4 Qxd4 18. Rxd4 Nd7 19. Be2 Ra7 20. Rg1 h6 21.
b3 g5 22. Nd5 Bxd5 23. Rxd5 Ne5 24. hxg5 hxg5 25. Ra5 Rh8 26. Kd2 Kg6 27. Ke3
Rc7 28. c4 Rb8 29. Ra3 Rcb7 30. Rb1 Nd7 31. Kd4 Rb6 32. Bd1 Ne5 33. Rba1 a5
34. Rc1 Rh8 35. c5 dxc5+ 36. Rxc5 f6 37. Ke3 Rh3 38. Raxa5 Nxf3 39. Bxf3 Rxb3+
40. Kd4 Rhxf3 41. Rf5 Rbd3+ 42. Kc4 Rc3+ 43. Kb4 Rce3 44. Kc5 Rg3 45. Kd4 Rd3+
46. Kc4 Rc3+ 47. Kd5 Kf7 48. Kd4 {#R} 0-1